Temas de Política social. Efectos del Narcotráfico /
Wedi'i Gadw mewn:
| Awduron Corfforaethol: | , |
|---|---|
| Fformat: | Texto |
| Cyhoeddwyd: |
La Paz:
Offset
|
| Tagiau: |
Ychwanegu Tag
Dim Tagiau, Byddwch y cyntaf i dagio'r cofnod hwn!
|
MARC
| LEADER | 00000 a a2200000 04500 | ||
|---|---|---|---|
| 001 | 22406 | ||
| 003 | |||
| 040 | |||
| 090 | |a 152801 | ||
| 110 | |a Fundación Friedrich Ebert | ||
| 245 | |a Temas de Política social. Efectos del Narcotráfico / |c Fundación Friedrich Ebert | ||
| 260 | |a La Paz: |b Offset | ||
| 300 | |a 125 p |b **no definido** | ||
| 710 | |a Instituto Latinoamericano de Investigaciones Sociales |a ILDIS | ||
| 999 | |c 4511 |d 4511 | ||
